| 000 | 01808cab a2200253 ab4500 | ||
|---|---|---|---|
| 005 | 20250604123722.0 | ||
| 008 | 991125c2018 ag ar p o 000 0 spa d | ||
| 035 | _aUPN01000233959 | ||
| 040 |
_aMX-MxUPN _bspa _cMX-MxUPN _eaacr2 |
||
| 049 | _aART-E | ||
| 100 | 1 |
_aChiroleu, Adriana _6- achiroleu28@gmail.com |
|
| 245 | 1 | 0 |
_aDe la expansión de oportunidades al derecho a la universidad: un recorrido de un siglo desde la óptica de la representación social _h[recurso electrónico en línea] |
| 506 | 0 | _aAcceso abierto | |
| 520 | 3 | _aEn esta presentación focalizaremos en la democratización externa de las universidades a partir del análisis de los sentidos que esta demanda adquiere en tiempos de la Reforma y sus alcances en el momento actual. Se procura de tal manera abordar el derrotero de una demanda que pasa por varias etapas en la búsqueda de ampliar los grupos sociales incluidos: nace como un reclamo contra el elitismo social de la universidad tradicional; atraviesa el siglo XX con ese mismo sesgo ignorando o reconociendo sólo parcialmente los cambios introducidos por el proceso de masificación y la creciente insuficiencia de garantizar solamente el acceso; y en las últimas décadas se traduce en un principio sancionado por la Conferencia Regional de Educación Superior (Cartagena de Indias, 2008) que consagró el principio de la universidad como derecho. RELEC | |
| 653 | 0 | _aReforma universitaria | |
| 653 | 0 | _aDemocratización | |
| 653 | 0 | _aDerecho a la educación | |
| 653 | 0 | _aEducación superior | |
| 773 |
_gVol. 9, no. 13, (2018), p. 27-36 _tRELEC : revista latinoamericana de educación comparada _x1853-3744 |
||
| 856 | 4 | _uhttps://dialnet.unirioja.es/servlet/articulo?codigo=6572528 | |
| 902 | _aLeonor Sotres/040625 | ||
| 905 | _aArticulo | ||
| 942 | _cART-E | ||
| 999 |
_c206054 _d206054 |
||